| 000 | 01187nam a2200289 i 4500 | ||
|---|---|---|---|
| 001 | bg | ||
| 100 | 1 | _aCHMIELOWSKI, Wojciech Z. | |
| 245 | 1 | 0 |
_aMetody wspomagania decyzji przy sterowaniu systemami zbiorników retencyjnych służących zaopatrzeniu w wodę / _cWojciech Z. Chmielowski ; Politechnika Krakowska im. Tadeusza Kościuszki. |
| 260 |
_aKraków : _bPK, _c2004. |
||
| 300 |
_a172 s. : _bil. ; _c24 cm. |
||
| 490 | 1 | _aMonografia / Politechnika Krakowska im. Tadeusza Kościuszki. Inżynieria Środowiska | |
| 500 | _aISSN i nr serii gł.: 0860-097X ; 298. - Streszcz. ang., niem. | ||
| 504 | _aBibliogr. | ||
| 650 | 9 |
_aZbiorniki wodne _xbadanie |
|
| 650 | 9 |
_aWoda _xzaopatrzenie |
|
| 650 | 9 |
_aOptymalizacja _xstosowanie _xhydrologia |
|
| 650 | 9 |
_aOptymalizacja _xstosowanie _xhydrotechnika |
|
| 650 | 9 |
_aSterowanie _xstosowanie _xhydrologia |
|
| 650 | 9 |
_aSterowanie _xstosowanie _xhydrotechnika |
|
| 650 | 9 |
_aDecyzje _xtechnika |
|
| 830 | 0 | _aMonografia (Politechnika Krakowska im. Tadeusza Kościuszki. Inżynieria Środowiska) | |
| 040 | _cBPK | ||
| 041 | 0 |
_apol _bengger |
|
| 080 | _a556.18:627.8:519.863 | ||
| 942 | _cKS | ||
| 008 | s pl f |000 0 pol | ||
| 999 |
_c45228 _d45228 |
||
| 856 |
_uhttp://koha.tu.koszalin.pl/cgi-bin/koha/opac-detail.pl?biblionumber=45228 _yKatalog online BPK |
||